| 000 | 00680nam a2200205 i 4500 | ||
|---|---|---|---|
| 001 | 87681 | ||
| 003 | ES-MaACL | ||
| 005 | 20250727024448.0 | ||
| 007 | t| | ||
| 008 | 041223s1945 mx ||||1| spa d | ||
| 100 | 1 |
_aKroeber, Alfred Louis. _968876 |
|
| 245 | 1 | 0 |
_aAntropología general / _cA.L. Kroeber ; versión española de Javier Romero. |
| 250 | _a1ª ed. española, corr. por el autor. | ||
| 260 |
_aMéxico : _bFondo de Cultura Económica, _c1945 ( _fGráf. Panamericana) |
||
| 300 |
_a525 p. : _bil. ; _c24 cm. |
||
| 650 | 7 |
_aAntropología física _2embne _99893 |
|
| 700 | 1 |
_aRomero, Javier. _999331 |
|
| 852 |
_aES-MaACL _jB-8748 |
||
| 999 |
_c87681 _d87681 |
||